Statistics for Countries with >5k Megawatt Power Stations

Click here to take the quiz!

General Stats

  • This quiz has been taken 17 times
  • The average score is 8 of 10

Answer Stats

No. of StationsMegawatt Capacity of #1 Station + TypeAnswer% Correct
27,722: HydroCanada
100%
622,500: HydroChina
100%
1*8,000: NuclearJapan
100%
26,400: HydroRussia
100%
16,809: HydroUnited States
100%
37,411: NuclearSouth Korea
94%
214,000: HydroBrazil
88%
15,700: NuclearUkraine
63%
110,235: HydroVenezuela
31%
114,000: HydroParaguay/Brazil
25%

Score Distribution

Percentile by Number Answered

Percent of People with Each Score

Your Score History

You have not taken this quiz